000 00570cam a2200205 4500
001 5702
005 20250306151848.0
008 930730s1993 ii b 001 0 eng
010 _a 93904716
020 _a9781781574553
043 _aa-ii---
082 _a770.1 FRE c1
100 1 _aFreeman, Michael.
245 1 0 _aThe photographer's eye :
_bcomposition and design for better digital photos.
260 _aLondon :
_bOctopus Publishing Group,
_c2007.
300 _a192 p. :
_bill. ;
_c24 cm.
651 0 _aBhutan
942 _2ddc
_cMAIN
999 _c10140
_d10141